| 000 | 006950000a22001210004500 | ||
|---|---|---|---|
| 100 | 1 | _aLopes, Augustus Nicodemus. | |
| 245 | 1 | 0 | _aJoâo Calvino e a universidade: 500 anos do nascimiento do reformador (1509-2009) |
| 300 | _aVol.14, no.2 (2009), p. 115-127 | ||
| 520 | _aEn contexto de conmemoración del 5º centenario de Calvino, éste texto resalta las contribuciones del reformador en la esfera educacional. Después de ofrecer una rápida síntesis de biografia de Calvino, el autor hace rápidas consideraciones sobre su filosofía educacional, mostrando que ello era un resultado de su teología y de su cosmovisión. | ||
| 650 | 1 | 4 | _aJUAN CALVINO |
| 773 | 0 | _tFides Reformata | |
| 942 | _cANA | ||
| 999 |
_c63402 _d63402 |
||